000 00638nam a2200205 4500
001 145458
003 ES-MaACL
005 20230906201233.0
007 t|
008 070214s1929 fr r ||||1| fre d
100 1 _aStern, W. M.
_9108129
245 1 0 _aTactique opératoire des voies biliaires /
_cpar W.-M. Stern et R. Fourche.
260 _aParis :
_bOctave Doin,
_c1929 (
_eTours :
_fArrault et Cie.)
300 _aVIII, 288 p. :
_bil. ;
_c24 x 18 cm.
490 1 _aLa tactique opératoire
700 1 _aFourche, R.
_951960
830 0 _aLa tactique opératoire
_9220767
852 _aES-MaACL
_jB-11508
999 _c145458
_d145458